| 000 | 00657nam a22001937a 4500 | ||
|---|---|---|---|
| 003 | OSt | ||
| 005 | 20251121135859.0 | ||
| 008 | 251121b |||||||| |||| 00| 0 eng d | ||
| 020 | _a0-8389-3374-2 | ||
| 040 |
_aDWC-Main lib _cOC |
||
| 082 | _aRes. 025.2 St797 1989 | ||
| 100 | _aHardy, E. | ||
| 245 |
_aStatistics for managing library acquisitions _cHardy, Eileen D. |
||
| 260 |
_aChicago : _bAmerican Library Association, _cc1989 |
||
| 300 |
_a11 pages : _c 23 cm. |
||
| 650 | _2Acquisitions (libraries)--statistical methods | ||
| 650 | _2Library statistics | ||
| 942 |
_2ddc _cBK-0 CIRC _hRes. 025.2 St797 1989 _kRes. _n0 |
||
| 999 |
_c6003 _d6003 |
||